| 000 | 02553cab a2200289 ab4500 | ||
|---|---|---|---|
| 005 | 20250324124737.0 | ||
| 008 | 991125c2018 sp tn p o 000 0 spa d | ||
| 035 | _aUPN01000232380 | ||
| 040 |
_aMX-MxUPN _bspa _cMX-MxUPN _eaacr2 |
||
| 049 | _aART-E | ||
| 100 | 1 |
_aOlmos Rueda, Patricia _6- patricia.olmos@uab.cat |
|
| 100 | 1 | _aSanahuja Gavalda, Josep M. | |
| 100 | 1 | _aMas Torelló, Oscar | |
| 245 | 1 | 3 | _aEl alumnado de educación secundaria obligatoria ante la inclusión educativa y la docencia compartida |
| 506 | 0 | _aAcceso abierto | |
| 520 | 3 | _aLa inclusión sigue siendo uno de los mayores retos de la educación que exige de la responsabilidad compartida de todos los agentes educativos. El alumnado, agente participante activo, resulta herramienta clave para el cambio educativo y la construcción y promoción de una escuela inclusiva. Tener en cuenta su opinión impacta positivamente en la mejora de los procesos inclusivos. Este trabajo centra su atención en la voz del alumnado ante el reto de la inclusión y la diversidad en un instituto público de educación secundaria de la provincia de Barcelona, teniendo como objetivo conocer el perfil, creencias y actitudes del alumnado de educación secundaria obligatoria hacia la inclusión educativa y el trabajo de dos figuras docentes en el aula −el profesor de apoyo y el profesor de aula−. Los resultados, derivados del diseño y aplicación de un cuestionario a una muestra de 310 alumnos −con y sin necesidades educativas−, apuntan una actitud positiva hacia la inclusión y una valoración positiva tanto de la docencia compartida, como del impacto que tiene la presencia del profesor de apoyo en el aula, permitiendo reforzar esta actitud positiva en la medida que contribuye a un mejor proceso de interacción, socialización, inclusión y atención a la diversidad en las aulas y en el propio centro educativo, aunque sigue latente la necesidad de seguir impulsando el cambio de prácticas educativas en pro de la inclusión y socialización del alumnado. REOP | |
| 650 | 4 |
_aEducación inclusiva _97100 |
|
| 653 | 0 | _aDocencia compartida | |
| 653 | 0 | _aEducación secundaria | |
| 653 | 0 | _aPercepción del estudiante | |
| 773 |
_gVol. 29, no. 3, (2018), p. 8-24 _tREOP : Revista española de orientación y psicopedagogía _x1989-7448 |
||
| 856 | 4 | _uhttps://revistas.uned.es/index.php/reop/article/view/23318 | |
| 856 | 4 | _uhttps://doi.org/10.5944/reop.vol.29.num.3.2018.23318 | |
| 902 | _aLeonor Sotres/240325 | ||
| 905 | _aArticulo | ||
| 942 |
_cART-E _2lcc |
||
| 999 |
_c204475 _d204475 |
||